|
|
|
|
| LEADER |
01464nam a2200325 u 4500 |
| 001 |
10027027 |
| 003 |
upatras |
| 005 |
20210117205957.0 |
| 008 |
950601s1978 ge eng |
| 020 |
|
|
|a 3540086412
|
| 040 |
|
|
|a GR-PaULI
|c GR-PaULI
|
| 041 |
0 |
|
|a eng
|
| 082 |
0 |
4 |
|a 621.366
|
| 245 |
1 |
0 |
|a High-power lasers and applications
|b proceedings of the Fourth Colloquium on Electronic Transition Lasers in Munich, June 20-22, 1977
|c editors K. L. Kompa and H. Walther
|
| 260 |
|
|
|a Berlin
|b Springer Verlag
|c 1978
|
| 300 |
|
|
|a ix, 228 p.
|b fig., tab.
|c 24 cm.
|
| 490 |
0 |
|
|a Springer series in optical sciences
|v 9
|
| 500 |
|
|
|a With 142 figures
|
| 504 |
|
|
|a Includes list of participants
|
| 650 |
|
4 |
|a Ακτίνες λέιζερ
|9 1297
|
| 700 |
1 |
|
|a Kompa, Karl Ludwig
|4 edt
|9 152816
|
| 700 |
1 |
|
|a Walther, Herbert
|4 edt
|9 151391
|
| 760 |
0 |
|
|a Springer series in optical sciences
|g 9
|
| 852 |
|
|
|a GR-PaULI
|b ΠΑΤΡΑ
|b ΦΥΣΙΚΟ
|k ΑΕΧ-1
|h 621.366 KOM
|m 03140
|t 1
|
| 852 |
|
|
|a GR-PaULI
|b ΠΑΤΡΑ
|b ΦΥΣΙΚΟ
|k ΑΕΧ-1
|h 621.366 KOM
|m 03215
|p 025000019105
|t 2
|
| 942 |
|
|
|2 ddc
|c BK15
|
| 952 |
|
|
|0 0
|1 0
|4 0
|6 621_366000000000000_KOM
|7 0
|9 197417
|a PHYS
|b PHYS
|d 2016-04-24
|i 03140
|l 0
|o 621.366 KOM
|r 2016-04-24 00:00:00
|t 1
|w 2016-04-24
|y BK15
|
| 952 |
|
|
|0 0
|1 0
|4 0
|6 621_366000000000000_KOM
|7 0
|9 197418
|a PHYS
|b PHYS
|d 2016-04-24
|i 03215
|l 0
|o 621.366 KOM
|p 025000019105
|r 2016-04-24 00:00:00
|t 2
|w 2016-04-24
|y BK15
|
| 998 |
|
|
|c ΔΡΑΚΟΠΟΥΛΟΥ
|d 1999-08
|
| 999 |
|
|
|c 121219
|d 121219
|